[Event "4NCL"]
[Site "Barcelo Hotel, Hinckley Island"]
[Date "2011.05.02"]
[Round "11.74"]
[White "Cairns, Stephen"]
[Black "McMahon, Paul"]
[Result "1-0"]
[WhiteElo "2054"]
[BlackElo "2037"]
[PlyCount "85"]
[EventDate "2011.??.??"]
[WhiteTeam "Sambuca Black Sheep"]
[BlackTeam "Poisoned Pawns 2"]

1. d4 Nf6 2. c4 e5 3. dxe5 Ng4 4. Nf3 Nc6 5. a3 Bc5 6. e3 a5 7. b3 Ngxe5 8. Bb2
d6 9. Nc3 O-O 10. Be2 Nxf3+ 11. gxf3 Qh4 12. Nd5 Bh3 13. Rg1 Ne5 14. Qd2 c6 15.
Nc3 f5 16. Na4 Rae8 17. Nxc5 dxc5 18. Qd6 Qf6 19. Qxf6 Rxf6 20. f4 Rg6 21.
O-O-O Ng4 22. Rd7 b6 23. Rg3 Nf6 24. Bxf6 Rxg3 25. hxg3 gxf6 26. Bf3 Re6 27.
Bh5 Kf8 28. Rxh7 b5 29. Rf7+ Kg8 30. Rd7 Kf8 31. Be2 b4 32. a4 Bg2 33. Ra7 Rd6
34. Rxa5 Ke7 35. Rxc5 Ke6 36. a5 Rd7 37. f3 Ra7 38. Rxc6+ Kd7 39. Rc5 Bh3 40.
Kd2 Kd6 41. Rb5 Kc6 42. Rxb4 Rxa5 43. Ra4 1-0

[Event "4NCL"]
[Site "Barcelo Hotel, Hinckley Island"]
[Date "2011.05.02"]
[Round "11.75"]
[White "Judkins, Brian D"]
[Black "Harley-Yeo, Gareth"]
[Result "0-1"]
[WhiteElo "1890"]
[BlackElo "2003"]
[PlyCount "66"]
[EventDate "2011.??.??"]
[WhiteTeam "Poisoned Pawns 2"]
[BlackTeam "Sambuca Black Sheep"]

1. e4 c5 2. Nf3 e6 3. d4 cxd4 4. Nxd4 Nc6 5. Nc3 a6 6. Be2 Qc7 7. Be3 Nf6 8.
O-O Bb4 9. Bf3 Ne5 10. Bf4 d6 11. Bxe5 dxe5 12. Nde2 O-O 13. a3 Bc5 14. Ng3 b5
15. Qe2 Bb7 16. Rfd1 Bd4 17. Rd3 Rac8 18. Qe1 Nd7 19. Nge2 Bc5 20. Rad1 Bc6 21.
Qd2 Nb6 22. Ng3 Nc4 23. Qc1 Qb6 24. Rf1 Be7 25. Rfd1 h6 26. h3 Bg5 27. Qb1 Bh4
28. Be2 f5 29. exf5 Rxf5 30. Rf1 Bxg3 31. Rxg3 Nd2 32. Qc1 Nxf1 33. Qxf1 Rcf8
0-1

[Event "4NCL"]
[Site "Barcelo Hotel, Hinckley Island"]
[Date "2011.05.02"]
[Round "11.77"]
[White "Messere, Owen"]
[Black "Bridges, Paul L"]
[Result "1/2-1/2"]
[WhiteElo "1778"]
[BlackElo "1857"]
[PlyCount "39"]
[EventDate "2011.??.??"]
[WhiteTeam "Poisoned Pawns 2"]
[BlackTeam "Sambuca Black Sheep"]

1. e4 c5 2. Nc3 e6 3. f4 Nc6 4. Nf3 a6 5. g3 g6 6. Bg2 Bg7 7. d3 Nge7 8. O-O
O-O 9. Bd2 b5 10. Rb1 Bb7 11. Nh4 Nd4 12. Ne2 f5 13. c3 Nxe2+ 14. Qxe2 Qc7 15.
Rfe1 Rfe8 16. e5 Bxg2 17. Qxg2 d5 18. d4 b4 19. Nf3 h6 20. h3 1/2-1/2

[Event "4NCL"]
[Site "Barcelo Hotel, Hinckley Island"]
[Date "2011.05.02"]
[Round "11.81"]
[White "Cooper, John G"]
[Black "McMichael, Richard J"]
[Result "1/2-1/2"]
[WhiteElo "2363"]
[BlackElo "2285"]
[PlyCount "60"]
[EventDate "2011.??.??"]
[WhiteTeam "South Wales Dragons"]
[BlackTeam "Kings Head"]

1. Nf3 Nf6 2. g3 b6 3. Bg2 Bb7 4. O-O e6 5. c4 c5 6. b3 Be7 7. Bb2 O-O 8. e3 d5
9. Nc3 Nc6 10. cxd5 Nxd5 11. Nxd5 Qxd5 12. d4 Rad8 13. Ne5 Qd6 14. dxc5 Qxc5
15. Nd7 Qg5 16. h4 Qh6 17. Rc1 Nb8 18. Bxb7 Nxd7 19. Bg2 Nc5 20. Qe2 a5 21.
Rfd1 Qg6 22. e4 f6 23. h5 Qf7 24. h6 gxh6 25. Bf3 Qg6 26. Kg2 h5 27. Bxh5 Qxe4+
28. Qxe4 Nxe4 29. Rc6 Rxd1 30. Bxd1 Bc5 1/2-1/2

[Event "4NCL"]
[Site "Barcelo Hotel, Hinckley Island"]
[Date "2011.05.02"]
[Round "11.82"]
[White "Kwiatkowski, Feliks J"]
[Black "Zeidler, Sven P"]
[Result "0-1"]
[WhiteElo "2235"]
[BlackElo "2247"]
[PlyCount "84"]
[EventDate "2011.??.??"]
[WhiteTeam "Kings Head"]
[BlackTeam "South Wales Dragons"]

1. e4 d5 2. exd5 Qxd5 3. Nc3 Qa5 4. d4 Nf6 5. Nf3 Bg4 6. h3 Bh5 7. g4 Bg6 8.
Ne5 Nbd7 9. Nxg6 hxg6 10. Bg2 c6 11. O-O e6 12. Qf3 Nb6 13. g5 Nh5 14. Ne4 Rd8
15. c3 Qf5 16. Qg4 Be7 17. f4 O-O 18. Qf3 Nc4 19. h4 Nd6 20. Nc5 b6 21. Nd3 c5
22. Re1 c4 23. Nb4 Qb5 24. Nc6 Rd7 25. a4 Qa6 26. d5 Nf5 27. Nxe7+ Rxe7 28.
dxe6 Nxh4 29. Qd5 Nxg2 30. Kxg2 Qc8 31. f5 fxe6 32. Rxe6 Rxf5 33. Rc6+ Rxd5 34.
Rxc8+ Kf7 35. Rxc4 Re1 36. Rd4 Rxd4 37. cxd4 Nf4+ 38. Bxf4 Rxa1 39. Bd2 Rxa4
40. Bc3 Ke6 41. Kf3 Kd5 42. Ke3 Ra1 0-1

[Event "4NCL"]
[Site "Barcelo Hotel, Hinckley Island"]
[Date "2011.05.02"]
[Round "11.83"]
[White "Redmond, John P"]
[Black "Thomas, Rik H"]
[Result "1/2-1/2"]
[WhiteElo "2194"]
[BlackElo "2197"]
[PlyCount "67"]
[EventDate "2011.??.??"]
[WhiteTeam "South Wales Dragons"]
[BlackTeam "Kings Head"]

1. d4 g6 2. c4 Bg7 3. Nc3 d6 4. e4 Nc6 5. d5 Nd4 6. Be3 c5 7. Nge2 Qb6 8. Na4
Qa5+ 9. Bd2 Qa6 10. Nxd4 Bxd4 11. Nc3 Qb6 12. Rb1 Bg7 13. Be2 Nf6 14. O-O O-O
15. f4 e6 16. dxe6 Bxe6 17. g4 Ne8 18. f5 Bd7 19. Nd5 Bd4+ 20. Be3 Bxe3+ 21.
Nxe3 Qd8 22. Qe1 Bc6 23. Qf2 Nf6 24. Rbd1 Nxe4 25. Qe1 g5 26. f6 Nxf6 27. Nf5
Ne4 28. Bf3 Qe8 29. Rd5 Bxd5 30. cxd5 Qe5 31. Qxe4 Qxe4 32. Bxe4 Rad8 33. Kg2
f6 34. Kf3 1/2-1/2

[Event "4NCL"]
[Site "Barcelo Hotel, Hinckley Island"]
[Date "2011.05.02"]
[Round "11.84"]
[White "Ward, Julian T"]
[Black "Morris, Charles F"]
[Result "1/2-1/2"]
[WhiteElo "2144"]
[BlackElo "2188"]
[PlyCount "45"]
[EventDate "2011.??.??"]
[WhiteTeam "Kings Head"]
[BlackTeam "South Wales Dragons"]

1. Nf3 d5 2. c4 e6 3. g3 Nf6 4. Bg2 Be7 5. O-O O-O 6. d4 c5 7. cxd5 exd5 8. Nc3
Nc6 9. a3 c4 10. Ne5 Be6 11. b4 cxb3 12. Nxc6 bxc6 13. Qxb3 Qb6 14. Qd1 Bf5 15.
Bg5 Rfe8 16. e3 Qa6 17. Qa4 Qxa4 18. Nxa4 Bc2 19. Bxf6 gxf6 20. Nc5 Rab8 21.
Ra2 Bb1 22. Ra1 Bc2 23. Ra2 1/2-1/2

[Event "4NCL"]
[Site "Barcelo Hotel, Hinckley Island"]
[Date "2011.05.02"]
[Round "11.85"]
[White "James, David J"]
[Black "Mackenzie, Colin"]
[Result "1-0"]
[WhiteElo "2126"]
[BlackElo "2118"]
[PlyCount "73"]
[EventDate "2011.??.??"]
[WhiteTeam "South Wales Dragons"]
[BlackTeam "Kings Head"]

1. Nf3 e6 2. c4 Nf6 3. Nc3 d5 4. d4 c6 5. Bg5 h6 6. Bh4 Nbd7 7. e3 Be7 8. Rc1
O-O 9. Bd3 dxc4 10. Bxc4 b5 11. Bd3 a6 12. e4 b4 13. Na4 e5 14. dxe5 Ng4 15.
Bg3 Qa5 16. e6 fxe6 17. O-O Nge5 18. Nxe5 Nxe5 19. Be2 Nf7 20. b3 c5 21. Qc2
Bd7 22. Nb2 Bb5 23. Nc4 Qd8 24. Rcd1 Qe8 25. e5 Rd8 26. Rxd8 Qxd8 27. Rd1 Qa8
28. Nd6 Qc6 29. Bg4 Bxd6 30. exd6 Ng5 31. h4 h5 32. Bxh5 Qe4 33. Qd2 Bc6 34. f3
Nxf3+ 35. Bxf3 Rxf3 36. gxf3 Qxf3 37. Kh2 1-0

[Event "4NCL"]
[Site "Barcelo Hotel, Hinckley Island"]
[Date "2011.05.02"]
[Round "11.86"]
[White "Haria, Ravi"]
[Black "Jameson, David"]
[Result "1/2-1/2"]
[WhiteElo "1984"]
[BlackElo "2088"]
[PlyCount "87"]
[EventDate "2011.??.??"]
[WhiteTeam "Kings Head"]
[BlackTeam "South Wales Dragons"]

1. e4 e5 2. Nf3 Nc6 3. Bb5 a6 4. Ba4 Nf6 5. O-O Nxe4 6. d4 b5 7. Bb3 d5 8. dxe5
Be6 9. Nbd2 Nc5 10. c3 d4 11. Bxe6 Nxe6 12. cxd4 Ncxd4 13. a4 Bb4 14. axb5 Nxb5
15. Qa4 Bxd2 16. Bxd2 O-O 17. Rfd1 c5 18. Qg4 Nbd4 19. Be3 Nxf3+ 20. Qxf3 Qb8
21. Qe4 Qxb2 22. Rab1 Qa3 23. Rd3 Qa5 24. f4 Rab8 25. Rc1 Rb4 26. Qf3 Qb5 27.
Rcd1 Rb3 28. Rxb3 Qxb3 29. f5 Nd4 30. Bxd4 Qxf3 31. gxf3 Rd8 32. Ra1 cxd4 33.
Rxa6 d3 34. Ra1 g5 35. fxg6 hxg6 36. Kf2 Kg7 37. Rd1 g5 38. Ke3 Kg6 39. Rxd3
Rxd3+ 40. Kxd3 Kf5 41. Kd4 Kf4 42. Kd5 Kxf3 43. e6 fxe6+ 44. Kxe6 1/2-1/2

[Event "4NCL"]
[Site "Barcelo Hotel, Hinckley Island"]
[Date "2011.05.02"]
[Round "11.87"]
[White "Roberts, David L"]
[Black "Bruin, Randolf W"]
[Result "1-0"]
[WhiteElo "2077"]
[BlackElo "2009"]
[PlyCount "115"]
[EventDate "2011.??.??"]
[WhiteTeam "South Wales Dragons"]
[BlackTeam "Kings Head"]

1. e4 c5 2. Nf3 g6 3. d4 cxd4 4. Nxd4 Bg7 5. c4 Nc6 6. Be3 Nf6 7. Nc3 Ng4 8.
Qxg4 Nxd4 9. Qd1 e5 10. Bd3 O-O 11. O-O d6 12. Nd5 Be6 13. Rc1 Bxd5 14. cxd5 f5
15. Bxd4 fxe4 16. Be3 exd3 17. Qxd3 Rf7 18. Qc4 Bf6 19. Qb4 Rc7 20. Rxc7 Qxc7
21. Rc1 Qd7 22. h3 Kf7 23. b3 Ke7 24. a4 a6 25. Qc4 Ke8 26. Bd2 Bd8 27. Be3 Bf6
28. Kh2 Bd8 29. Kg3 Qf5 30. Kh2 Qd7 31. Qb4 Be7 32. Qc3 Bd8 33. f4 Bf6 34. Qc7
Rd8 35. Qc4 Ra8 36. Kh1 Bg7 37. Qc7 Rd8 38. Bb6 Qxc7 39. Rxc7 Rd7 40. Rc8+ Kf7
41. Be3 exf4 42. Bxf4 Be5 43. Bh6 Bg7 44. Bxg7 Kxg7 45. Re8 Kf7 46. Re6 Rd8 47.
Kh2 h6 48. b4 b5 49. a5 Rd7 50. Kg3 Rd8 51. Kf4 Rd7 52. h4 Rc7 53. Rxd6 Rc4+
54. Ke5 Rxb4 55. Rxa6 Ra4 56. Ra7+ Ke8 57. a6 b4 58. Ke6 1-0